000
00257nam a2200097Ia 4500
001
928320
005
20250826191633.0
008
250824s9999 xx 000 0 und d
245
0
_a
SAKAR ŞAKİR/YALANCININ MUMU YANMAZ/N4
_c
SİN EREN
260
_b
DOKUZ YAYINLARI
999
_c
928320
_d
928320